000 00801nam a2200253 4500
001 131110
003 ES-MaACL
005 20230906193922.0
007 t|
008 070214s1977 sp r ||||1| spa d
100 1 _aRodari, Gianni.
_998097
245 1 0 _aGramática de la fantasía
_b: introducción al arte de inventar historias /
_cGianni Rodari ; traducción de Carlos Alonso, Adela Alós.
250 _a1ª. ed.
260 _aBarcelona :
_bAvance,
_c1977.
300 _a220 p. ;
_c19 cm.
490 1 _aSerie pedagogía ;
_v14
650 0 4 _aCreatividad.
_911407
650 4 _aNarración de cuentos.
_9148156
700 1 _aAlonso, Carlos.
_920192
700 1 _aAlós, Adela.
_920440
830 0 _aSerie pedagogía ;
_v14
_9219553
852 _aES-MaACL
_jA-7661
999 _c131110
_d131110